Marca de fuego / (Record no. 193399)
[ view plain ]
| 000 -LEADER | |
|---|---|
| campo de control de longitud fija | 01994nam a2200385 i 4500 |
| 001 - NÚMERO DE CONTROL | |
| campo de control | 193399 |
| 003 - IDENTIFICADOR DE NÚMERO DE CONTROL | |
| campo de control | SpMaBN |
| 005 - FECHA Y HORA DE LA ÚLTIMA TRANSACCIÓN | |
| campo de control | 20250712063140.0 |
| 007 - CAMPO FIJO DE DESCRIPCIÓN FÍSICA--INFORMACIÓN GENERAL | |
| campo de control de longitud fija | ta |
| 008 - DATOS DE LONGITUD FIJA--INFORMACIÓN GENERAL | |
| campo de control de longitud fija | 070518s2007 sp | ||| ||spa |
| 016 7# - NÚMERO DE CONTROL DE UNA AGENCIA BIBLIOGRÁFICA NACIONAL | |
| Número de control del registro | bimoBNE20070364755 |
| Fuente | SpMaBN |
| 017 ## - NÚMERO DE COPYRIGHT O DE DEPÓSITO LEGAL | |
| Número de copyright o de depósito legal | M 5527-2007 |
| Agencia que asigna | Oficina Depósito Legal Madrid |
| 020 ## - NÚMERO INTERNACIONAL ESTÁNDAR DEL LIBRO | |
| Número Internacional Estándar del Libro | 9788483746271 |
| 035 ## - NÚMERO DE CONTROL DEL SISTEMA | |
| Número de control de sistema | (OCoLC)434031060 |
| 040 ## - FUENTE DE CATALOGACIÓN | |
| Centro catalogador/agencia de origen | SpMaBN |
| Lengua de catalogación | spa |
| Centro/agencia transcriptor | SpMaBN |
| Normas de descripción | rdc |
| 080 ## - NÚMERO DE LA CLASIFICACIÓN DECIMAL UNIVERSAL | |
| Número de la Clasificación Decimal Universal | 821.134.2-31"19" |
| 100 1# - ENTRADA PRINCIPAL--NOMBRE DE PERSONA | |
| Nombre de persona | Bilbao, Daniel, |
| Fechas asociadas al nombre | 1960- |
| Número de control del registro de autoridad o número normalizado | XX998402 |
| 9 (RLIN) | 234543 |
| Término indicativo de función/relación | Autor |
| 245 10 - MENCIÓN DEL TÍTULO | |
| Título | Marca de fuego / |
| Mención de responsabilidad, etc. | Daniel Bilbao |
| 250 ## - MENCION DE EDICION | |
| Mención de edición | Primera edición: abril, 2007 |
| 260 ## - PUBLICACIÓN, DISTRIBUCIÓN, ETC. | |
| Lugar de publicación, distribución, etc. | Madrid : |
| Nombre del editor, distribuidor, etc. | Huerga y Fierro, |
| Fecha de publicación, distribución, etc. | 2007 |
| 300 ## - DESCRIPCIÓN FÍSICA | |
| Extensión | 411 páginas ; |
| Dimensiones | 22 cm |
| 336 ## - TIPO DE CONTENIDO | |
| Fuente | rdacontent |
| Término de tipo de contenido | Texto |
| 337 ## - TIPO DE MEDIO | |
| Fuente | rdamedia |
| Nombre/término del tipo de medio | sin mediación |
| 338 ## - TIPO DE SOPORTE | |
| Fuente | rdacarrier |
| Nombre/término del tipo de soporte | volumen |
| 500 ## - NOTA GENERAL | |
| Nota general | En el lomo: 285 |
| 520 ## - RESUMEN, ETC. | |
| Sumario, etc. | Una novela negra enmarcada en un sorprendente y verosímil futuro cercano.<br/><br/>Más allá de una trama dura y controlada, tejida con unos personajes memorables, nos vemos inmersos en un mundo donde muchos de los problemas actuales, como la escasez de agua, la corrupción o la influencia de las multinacionales, han llegado a una lógica e inquietante conclusión.<br/><br/>Eneko Amboto, alias Bolto, se nos revela como el perfecto anti-héroe. De disparo fácil, mente rápida y una moralidad muy personal, nos conduce con su ironía ácida a lo largo de una historia cuyas piezas sólo encajan en la última página. |
| 655 #7 - TERMINO DE INDIZACIÓN--GENERO/FORMA | |
| 9 (RLIN) | 226784 |
| Datos o término principal de género/forma | Novelas negras |
| 852 ## - LOCALIZACIÓN | |
| Ubicación | ES-MaACL |
| Sublocalización o colección | R. 154753 |
| Ubicación en estantería | Depósito J |
| Número de control de estantería | N-9553 |
| itemnumber | 200850 |
| Donativo/Legado | Donación: Daniel Bilbao |
| Anotaciones manuscritas | Dedicatoria autógrafa del autor |
| Encuadernación | Encuadernación rústica con solapas |
| 903 ## - NOMBRE PERSONAL DE DONANTE | |
| 9 | 234543 |
| a | Bilbao, Daniel, |
| d | 1960- |
| e | Donante |
| 942 ## - ELEMENTOS DE ENTRADA SECUNDARIOS (KOHA) | |
| Suprimir en OPAC | No |
| Tipo de ítem Koha | Libro impreso |
| Estatus retirado | Estado de pérdida | Fuente del sistema de clasificación o colocación | Estado de daño | No para préstamo | Colección | Biblioteca de origen | Biblioteca actual | Ubicación en estantería | Fecha de adquisición | Fuente de adquisición | Número de control de estantería | Total de préstamos | Signatura topográfica completa | Código de barras | Visto por última vez | Tipo de ítem Koha | Nota pública |
|---|---|---|---|---|---|---|---|---|---|---|---|---|---|---|---|---|---|
| Clasificación decimal universal | Libros con dedicatorias | Biblioteca del Ateneo de Madrid | Biblioteca del Ateneo de Madrid | Depósito J | 14/11/2023 | Donación | Ateneísta | N-9553 | 101206142 | 14/11/2023 | Libro impreso | Dedicatoria autógrafa del autor |
